| 000 | 00712nam a22001937a 4500 | ||
|---|---|---|---|
| 999 |
_c193138 _d193138 |
||
| 005 | 20221017113922.0 | ||
| 010 | _aENG-135425 | ||
| 020 |
_a9788121407755 _c400.00 |
||
| 035 | _aEN-118957 | ||
| 037 | _bDBAD/PUB | ||
| 082 | _a363.7 | ||
| 100 | _aBasu, Rumki | ||
| 245 |
_aThe global environment and the united nations: _bwith special reference to india's environmental policy/ _cby Rumki Basu |
||
| 260 |
_aNew delhi _bNational publishin house _c2013 |
||
| 270 |
_a2/35 Ansari road, Darya ganj, _bNew Delhi _e110002 _mnationalpublishinghouse@ymail.com |
||
| 300 |
_a184p. _c22cm(hbk) _bReferences, Annexures, Bibliography & index |
||
| 650 | _aUnited Nations | ||
| 942 |
_2ddc _cEN _mBAS _h363.7 |
||